000
00300nam a22001337a 4500
008
170131b xxu||||| |||| 00| 0 eng d
020
_a
157325
041
_a
eng
080
_a
61
100
_a
3
101
_a
shmi
245
_a
COMPLICATIONS OF INTRATHORACIC SURGERY
_c
CORDELL, A.R
942
_2
udc
_c
BK
999
_c
4069
_d
4069